Katoliset valtiot - Statistics

Yleistilastot
  • Tätä visaa on pelattu 1 716 kertaa
  • Keskiarvotulos 28 / 47
Vastaustilastot
% Valtio % Oikein
83,0 Italia
96%
69,6 Espanja
93%
100 Vatikaani
93%
60,0 Ranska
89%
61,0 Brasilia
87%
84,5 Portugali
87%
71,0 Argentiina
85%
90,5 San Marino
84%
55,0 Chile
81%
81,0 Meksiko
80%
75,1 Kolumbia
77%
76,0 Peru
76%
85,8 Puola
76%
88,2 Andorra
75%
73,0 Venezuela
74%
88,0 Paraguay
72%
82,3 Monaco
71%
76,0 Bolivia
70%
58,8 Itävalta
69%
74,0 Ecuador
68%
53,1 Slovenia
68%
58,0 Belgia
67%
70,0 Panama
67%
75,9 Liechtenstein
66%
88,6 Malta
66%
78,3 Irlanti
64%
51,7 Kuuba
64%
65,9 Luxemburg
64%
86,3 Kroatia
63%
62,0 Slovakia
61%
62,0 Costa Rica
59%
54,7 Haiti
59%
50,0 Nicaragua
57%
58,1 Dominica
55%
57,0 Dominikaaninen tasavalta
52%
77,2 Liettua
43%
61,3 Saint Lucia
43%
81,4 Filippiinit
42%
77,3 Kap Verde
24%
73,5 São Tomé ja Príncipe
24%
55,8 Kiribati
18%
76,2 Seychellit
18%
96,9 Itä-Timor
17%
54,7 Mikronesia
16%
50,0 Gabon
15%
80,7 Päiväntasaajan Guinea
15%
62,1 Burundi
12%
Ehtoja vastaavia visoja ei löytynyt
Tulosjakauma
Jokaisen tuloksen saaneiden osuus
Persentiili vastausten määrän mukaan
Tuloshistoriasi
Et ole pelannut tätä visaa